000
00298nam a2200133Ia 4500
005
20251222155101.0
008
251222s9999||||xx |||||||||||||| ||spa||
082
_a
ETI.84
100
_a
GARCIA, Fructuoso.
245
0
_a
El arte de amar
250
_a
1ra. ed.
264
_b
Salesiana
942
_c
LIB
999
_c
37689
_d
37689